Normal view
MARC view
- Palestro G.
Entry Personal Name
001 - CONTROL NUMBER
- control field: 58404
003 - CONTROL NUMBER IDENTIFIER
- control field:
005 - DATE AND TIME OF LATEST TRANSACTION
- control field: 20200901115148.0
008 - FIXED-LENGTH DATA ELEMENTS
- fixed length control field: 200901|| aca||aabn | a|a d
040 ## - CATALOGING SOURCE
- Original cataloging agency:
- Transcribing agency:
100 ## - HEADING--PERSONAL NAME
- Personal name: Palestro G.
- Personal name: Reale L.
- Personal name: Vergani P.
- Personal name: Sgreccia P.
- Personal name: Anzani G.
- Personal name: Peris C.
- Personal name: Vergani E.
- Personal name: Di Mezza C..
- Personal name: Bellieni C
670 ## - SOURCE DATA FOUND
- Source citation: Work cat.: (): Larghero Enrico, Lombardi Ricci Mariella, Zeppegno Giuseppe (a cura di) 58403, Nascere oggi, 2020